Kriminalität und Suizidalität. Selbstmorde in Österreichs Haftanstalten 1975-1994. Ursachen, Statistik, Schlußfolgerungen
| 1. VerfasserIn: | |
|---|---|
| Medienart: | Druck Aufsatz |
| Sprache: | Deutsch |
| Veröffentlicht: |
1996
|
| In: |
Zeitschrift für Strafvollzug und Straffälligenhilfe
Jahr: 1996, Band: 45, Heft: 4, Seiten: 218-224 |
| Bestand in Albert-Krebs Bibliothek: | Z.01 24.1975 - 55.2006 |
| Verfügbarkeit prüfen: | HBZ Gateway |
| Schlagwörter: |
MARC
| LEADER | 00000caa a22000002c 4500 | ||
|---|---|---|---|
| 001 | 1639203206 | ||
| 003 | DE-627 | ||
| 005 | 20260503190422.0 | ||
| 007 | tu | ||
| 008 | 160223s1996 xx ||||| 00| ||ger c | ||
| 035 | |a (DE-627)1639203206 | ||
| 035 | |a (DE-576)455797749 | ||
| 035 | |a (DE-599)BSZ455797749 | ||
| 040 | |a DE-627 |b ger |c DE-627 |e rakwb | ||
| 041 | |a ger | ||
| 084 | |a 2,1 |2 ssgn | ||
| 100 | 1 | |a Frühwald, Stefan |4 aut | |
| 245 | 1 | 0 | |a Kriminalität und Suizidalität. Selbstmorde in Österreichs Haftanstalten 1975-1994. Ursachen, Statistik, Schlußfolgerungen |c Stefan Frühwald |
| 264 | 1 | |c 1996 | |
| 336 | |a Text |b txt |2 rdacontent | ||
| 337 | |a ohne Hilfsmittel zu benutzen |b n |2 rdamedia | ||
| 338 | |a Band |b nc |2 rdacarrier | ||
| 650 | 4 | |a Strafgefangener |x Suizid |7 (dpeaa)DE-2619 | |
| 650 | 4 | |a Strafvollzug |7 (dpeaa)DE-2619 | |
| 650 | 4 | |a Strafgefangener |7 (dpeaa)DE-2619 | |
| 650 | 4 | |a Suizid |7 (dpeaa)DE-2619 | |
| 650 | 4 | |a Strafvollzugsanstalt |7 (dpeaa)DE-2619 | |
| 773 | 0 | 8 | |i Enthalten in |t Zeitschrift für Strafvollzug und Straffälligenhilfe |d Wiesbaden : Ges. für Fortbildung der Strafvollzugsbediensteten, 1975 |g 45(1996), 4, Seite 218-224 |w (DE-627)130166723 |w (DE-600)519517-2 |w (DE-576)015709817 |x 0342-3514 |7 nnas |
| 773 | 1 | 8 | |g volume:45 |g year:1996 |g number:4 |g pages:218-224 |
| 935 | |a mkri | ||
| 951 | |a AR | ||
| AKB | |a 24.1975 - 55.2006 |b Z.01 | ||
| ELC | |b 1 | ||
| LOK | |0 000 xxxxxcx a22 zn 4500 | ||
| LOK | |0 001 329956773X | ||
| LOK | |0 003 DE-627 | ||
| LOK | |0 004 1639203206 | ||
| LOK | |0 005 20250605092423 | ||
| LOK | |0 008 160208||||||||||||||||ger||||||| | ||
| LOK | |0 040 |a DE-21-110 |c DE-627 |d DE-21-110 | ||
| LOK | |0 689 |a g |a Österreich | ||
| LOK | |0 689 |a s |a Selbstmord | ||
| LOK | |0 852 |a DE-21-110 | ||
| LOK | |0 852 1 |m p |9 00 | ||
| LOK | |0 935 |a k110 | ||
| LOK | |0 938 |k p | ||
| LOK | |0 939 |a 2016-02-08 |b l01 | ||
| LOK | |0 000 xxxxxcx a22 zn 4500 | ||
| LOK | |0 001 419630897X | ||
| LOK | |0 003 DE-627 | ||
| LOK | |0 004 1639203206 | ||
| LOK | |0 005 20221011151420 | ||
| LOK | |0 008 221011||||||||||||||||ger||||||| | ||
| LOK | |0 035 |a (DE-2619)p04581 | ||
| LOK | |0 040 |a DE-2619 |c DE-627 |d DE-2619 | ||
| LOK | |0 092 |o n | ||
| LOK | |0 852 |a DE-2619 | ||
| LOK | |0 852 1 |m p |9 00 | ||
| LOK | |0 935 |a kreb | ||
| LOK | |0 938 |k p | ||
| LOK | |0 939 |a 2022-10-11 |b l01 | ||
| ORI | |a WA-MARC-krimdoka001.raw | ||
